Score 0/225 Timer 01:30
5 Plays Today
% Correct
XXXXXXXXXXXX
99.8%
XXXXXXXXXXXX
99.5%
XXXXXXXXXXXX
99.5%
XXXXXXXXXXXX
99.5%
XXXXXXXXXXXX
99.5%
XXXXXXXXXXXX
99.5%
XXXXXXXXXXXX
99.5%
XXXXXXXXXXXX
99.5%
XXXXXXXXXXXX
99.5%
Ohio
85.6%
Ohio
85.6%
Ohio
85.6%
Ohio
85.6%
Ohio
85.6%
Ohio
85.6%
Ohio
85.6%
Ohio
85.6%
Ohio
85.6%
Ohio
85.6%
Ohio
85.6%
Ohio
85.6%
Florida
83.4%
Florida
83.4%
Florida
83.4%
Florida
83.4%
Florida
83.4%
Florida
83.4%
Florida
83.4%
Florida
83.4%
Florida
83.4%
Florida
83.4%
Florida
83.4%
Florida
83.4%
Florida
83.4%
Florida
83.4%
Florida
83.4%
Florida
83.4%
Florida
83.4%
Florida
83.4%
Florida
83.4%
Florida
83.4%
Florida
83.4%
Texas
83%
Texas
83%
Texas
83%
Texas
83%
Texas
83%
Texas
83%
Texas
83%
Texas
83%
Texas
83%
Texas
83%
Texas
83%
Texas
83%
Texas
83%
Texas
83%
Texas
83%
Virginia
80.4%
Virginia
80.4%
Virginia
80.4%
Virginia
80.4%
Virginia
80.4%
Virginia
80.4%
Virginia
80.4%
Virginia
80.4%
Virginia
80.4%
Virginia
80.4%
Virginia
80.4%
Virginia
80.4%
Virginia
80.4%
Virginia
80.4%
Virginia
80.4%
Virginia
80.4%
Virginia
80.4%
Virginia
80.4%
% Correct
Virginia
80.4%
Virginia
80.4%
Virginia
80.4%
Virginia
80.4%
Virginia
80.4%
Virginia
80.4%
Alaska
79.9%
Alaska
79.9%
Alaska
79.9%
Alaska
79.9%
Alaska
79.9%
Alaska
79.9%
Alaska
79.9%
Alaska
79.9%
Alaska
79.9%
Alaska
79.9%
Alaska
79.9%
Alaska
79.9%
Alaska
79.9%
Alaska
79.9%
Alaska
79.9%
Alaska
79.9%
Alaska
79.9%
Alaska
79.9%
Pennsylvania
77.4%
Pennsylvania
77.4%
Pennsylvania
77.4%
Pennsylvania
77.4%
Pennsylvania
77.4%
Pennsylvania
77.4%
Pennsylvania
77.4%
Pennsylvania
77.4%
Pennsylvania
77.4%
Pennsylvania
77.4%
Pennsylvania
77.4%
Pennsylvania
77.4%
Pennsylvania
77.4%
Pennsylvania
77.4%
Pennsylvania
77.4%
Pennsylvania
77.4%
Pennsylvania
77.4%
Pennsylvania
77.4%
Pennsylvania
77.4%
Pennsylvania
77.4%
Pennsylvania
77.4%
Pennsylvania
77.4%
Pennsylvania
77.4%
Pennsylvania
77.4%
Pennsylvania
77.4%
Pennsylvania
77.4%
Pennsylvania
77.4%
Pennsylvania
77.4%
Pennsylvania
77.4%
Pennsylvania
77.4%
Pennsylvania
77.4%
Pennsylvania
77.4%
Pennsylvania
77.4%
Pennsylvania
77.4%
Pennsylvania
77.4%
Pennsylvania
77.4%
Mississippi
73.2%
Mississippi
73.2%
Mississippi
73.2%
Mississippi
73.2%
Mississippi
73.2%
Mississippi
73.2%
Mississippi
73.2%
Mississippi
73.2%
Mississippi
73.2%
Mississippi
73.2%
Mississippi
73.2%
Mississippi
73.2%
Mississippi
73.2%
Mississippi
73.2%
Mississippi
73.2%
% Correct
Mississippi
73.2%
Mississippi
73.2%
Mississippi
73.2%
Mississippi
73.2%
Mississippi
73.2%
Mississippi
73.2%
Mississippi
73.2%
Mississippi
73.2%
Mississippi
73.2%
Mississippi
73.2%
Mississippi
73.2%
Mississippi
73.2%
Mississippi
73.2%
Mississippi
73.2%
Mississippi
73.2%
Mississippi
73.2%
Mississippi
73.2%
Mississippi
73.2%
Louisiana
73.1%
Louisiana
73.1%
Louisiana
73.1%
Louisiana
73.1%
Louisiana
73.1%
Louisiana
73.1%
Louisiana
73.1%
Louisiana
73.1%
Louisiana
73.1%
Louisiana
73.1%
Louisiana
73.1%
Louisiana
73.1%
Louisiana
73.1%
Louisiana
73.1%
Louisiana
73.1%
Louisiana
73.1%
Louisiana
73.1%
Louisiana
73.1%
Louisiana
73.1%
Louisiana
73.1%
Louisiana
73.1%
Louisiana
73.1%
Louisiana
73.1%
Louisiana
73.1%
Louisiana
73.1%
Louisiana
73.1%
Louisiana
73.1%
California
71.7%
California
71.7%
California
71.7%
California
71.7%
California
71.7%
California
71.7%
California
71.7%
California
71.7%
California
71.7%
California
71.7%
California
71.7%
California
71.7%
California
71.7%
California
71.7%
California
71.7%
California
71.7%
California
71.7%
California
71.7%
California
71.7%
California
71.7%
California
71.7%
California
71.7%
California
71.7%
California
71.7%
California
71.7%
California
71.7%
California
71.7%
California
71.7%
California
71.7%
California
71.7%

You're not logged in!

Compare scores with friends on all Sporcle quizzes.
OR
Log In

Sporcle TV

Today on Sporcle TV


Watch our educational content, quiz creation guides, and fun videos on Sporcle TV.

Show Comments

Extras

Top Quizzes Today


Score Distribution

Paid Content

Your Account Isn't Verified!

In order to create a playlist on Sporcle, you need to verify the email address you used during registration. Go to your Sporcle Settings to finish the process.

Report this User

Report this user for behavior that violates our Community Guidelines.

Details: